History Quiz

Random History or Color Quiz

Painters Feeling Blue Quiz Stats

 Plays Quiz Updated May 12, 2015

Score 0/14 Timer 05:00
1 Play Today
% Correct
Vincent van Gogh
98.1%
Claude Monet
83.6%
Salvador Dalí
76.3%
Pablo Picasso
69.3%
Jackson Pollock
67.4%
Edgar Degas
63.1%
Édouard Manet
46.2%
% Correct
Mark Rothko
33.6%
Paul Cézanne
30.9%
Georgia O'Keeffe
30.9%
Thomas Gainsborough
26.1%
Joan Miró
22.5%
Henri Matisse
17.8%
Yves Klein
12.1%

You're not logged in!

Compare scores with friends on all Sporcle quizzes.
Join for Free
OR
Log In

You Might Also Like...

Show Comments

Extras

Top Quizzes Today


Score Distribution

Your Account Isn't Verified!

In order to create a playlist on Sporcle, you need to verify the email address you used during registration. Go to your Sporcle Settings to finish the process.

Report this User

Report this user for behavior that violates our Community Guidelines.

Details: